000 00755nam a2200229 i 4500
001 36584
003 ES-MaACL
005 20230906155411.0
007 t|
008 030218s1956 sp ||||1| spa d
100 1 _aBrown, John.
_932003
245 1 0 _aPanorama de la literatura norteamericana contemporánea /
_cJohn Brown ; [traducción de Eduardo Caballero Calderón].
250 _a1ª ed.
260 _aMadrid :
_bGuadarrama,
_c1956 (
_fCastilla)
300 _a563 p., 7 lám. ;
_c22 cm.
490 1 _aPanoramas ;
_v1
650 4 _aLiteratura norteamericana-
_yS.XX-
_xHistoria y crítica.
_914644
700 1 _aCaballero Calderón, Eduardo.
_933100
830 0 _aPanoramas ;
_v1
_9181169
852 _aES-MaACL
_jC-11545
999 _c36584
_d36584